000 00593nam a2200193Ia 4500
003 GCL
008 140319s9999 xx 000 0 ara d
040 _aGCL /
_cGCL
082 0 4 _a822.008
_bا ح
100 1 _aمحمود احمد
245 1 0 _aالحداد يليق بالكترا /
_cمحمود احمد
700 1 _aاونيل، يوجين
300 _a233 ص
490 _aالالف كتاب
_v0
650 0 4 _aالمسرحيات الامريكية
650 0 4 _aالادب الامريكى المترجم
650 0 4 _aالادب العالمى المترجم
942 _2ddc
_cBK
999 _c43777
_d43777